Atletico Madrid 2010's Starting XI - Statistics

General Stats
  • This quiz has been taken 7,036 times
    6,475 since last reset
  • The average score is 24 of 44
Answer Stats
Player % Correct
Jan Oblak
99%
Antoine Griezmann
98%
Diego Godín
95%
Koke
94%
Thibaut Courtois
94%
José Giménez
87%
Stefan Savić
87%
Arda Turan
85%
Filipe Luís
82%
Saúl Ñíguez
82%
Radamel Falcao
81%
Thomas Partey
81%
Diego Forlán
78%
Yannick Carrasco
78%
Ángel Correa
74%
Juanfran
73%
Mario Mandžukić
72%
Gabi
70%
Fernando Torres
68%
Miranda
67%
Sergio Agüero
66%
Diego Costa
64%
Šime Vrsaljko
57%
Tiago
55%
David Villa
54%
David De Gea
51%
Lucas Hernandez
51%
Santiago Arias
47%
Kévin Gameiro
44%
Rodri
40%
Mario Suárez
36%
Adrián López
33%
Miguel Moya
28%
Antonio López
24%
Diego
24%
Raul Garcia
23%
Tomáš Ujfaluši
18%
Simão
15%
Luis Perea
13%
Guilherme Siqueira
12%
José Reyes
12%
Paulo Assunção
7%
Álvaro Domínguez
6%
José Jurado
5%
No matching quizzes found
Score Distribution
Percent of People with Each Score
Percentile by Number Answered
Your Score History
You have not taken this quiz since the last reset